| 000 | 00321nam a2200109Ia 4500 | ||
|---|---|---|---|
| 008 | 220204s9999 xx 000 0 und d | ||
| 082 |
_aNR:338.5 _bINT |
||
| 245 | 0 | _aInternational Natural rubber agreement on price stabilization | |
| 260 |
_aMalaysia _bINRO |
||
| 650 | _aInternational Natural Rubber Agreement | ||
| 942 | _cBK | ||
| 999 |
_c39505 _d39505 |
||